| 000 | 00530cam a22002054a 4500 | ||
|---|---|---|---|
| 005 | 20250605164253.0 | ||
| 008 | 250528s ||||||||||||||||||||||||d | ||
| 035 | _a21818 | ||
| 020 | _a9789603946441 | ||
| 040 |
_aGR-AtMCL _bgre _dGR-AtMCL _eAACR2 |
||
| 245 | 1 | _aABC ΤΟΥ ΠΡΩΤΟΥ ΧΡΟΝΟΥ ΖΩΗΣ | |
| 250 | _a6 | ||
| 260 |
_bΕκδόσεις Παρισιάνου, _c2009 |
||
| 300 | _a142 | ||
| 700 | 1 |
_aThomas Roslyn _97294 |
|
| 700 | 1 |
_aValman H.B _96874 |
|
| 942 | _cBK | ||
| 999 |
_c6877 _d6877 |
||